Studies in Guru Nanak / (Record no. 137127)

MARC details
000 -LEADER
fixed length control field 00608nam a22002057a 4500
010 ## - LIBRARY OF CONGRESS CONTROL NUMBER
LC control number A-710378
020 ## - INTERNATIONAL STANDARD BOOK NUMBER
Terms of availability 100.00
035 ## - SYSTEM CONTROL NUMBER
System control number A-710378
037 ## - SOURCE OF ACQUISITION
Source of stock number/acquisition Cen Lib / Ret
040 ## - CATALOGING SOURCE
Original cataloging agency DPL
Language of cataloging En
082 ## - DEWEY DECIMAL CLASSIFICATION NUMBER
Classification number 260.31
Item number NAN
245 ## - TITLE STATEMENT
Title Studies in Guru Nanak /
Statement of responsibility, etc Ajit Singh [and] Rajinder Singh
260 ## - PUBLICATION, DISTRIBUTION, ETC. (IMPRINT)
Place of publication, distribution, etc Delhi
Name of publisher, distributor, etc National Book Shop
Date of publication, distribution, etc 1984
270 ## - ADDRESS
Address Pleasure Garden MKT
City Delhi
Postal code 110006
300 ## - PHYSICAL DESCRIPTION
Extent v 1. 188p ;
Dimensions 27cm(Hb)
650 ## - SUBJECT ADDED ENTRY--TOPICAL TERM
Topical term or geographic name as entry element Nānak, -- Guru, -- 1469-1538.
650 ## - SUBJECT ADDED ENTRY--TOPICAL TERM
Topical term or geographic name as entry element Nānak, -- Guru, -- 1469-1538
700 ## - ADDED ENTRY--PERSONAL NAME
Personal name Rajinder Singh
942 ## - ADDED ENTRY ELEMENTS (KOHA)
Source of classification or shelving scheme Dewey Decimal Classification
Koha item type English Books
Classification part 260.31
Call number suffix NAN
Holdings
Withdrawn status Lost status Materials specified (bound volume or other part) Damaged status Not for loan Home library Current library Date acquired Source of acquisition Cost, normal purchase price Total Checkouts Full call number Barcode Date last seen Copy number Cost, replacement price Price effective from Koha item type
    v 1     Central Library Central Library 18/03/2016 Cen Lib/Ret 100.00   260.31 NAN A-710378 18/03/2016 1 100.00 18/03/2016 English Books

© Delhi Public Library
Hit Counter
free hit counter